000 00317nam a22001337a 4500
008 170508b xxu||||| |||| 00| 0 eng d
020 _a9780132357715
041 _aeng
080 _23 ED
_a343.9
100 _a14
101 _aSHJ
245 _aPERPECTIVES ON CRIME AND DEVIANCE
_cLISKA.A.E
942 _2udc
_cBK
999 _c12951
_d12951